[Event "CP-2012-F-00001"]
[Site "LSS email"]
[Date "2012.08.09"]
[Round "?"]
[White "Ermolaev, Andrey Stanislavovi"]
[Black "Petrovic, Djordje"]
[Result "1/2-1/2"]
[WhiteElo "2437"]
[BlackElo "2462"]
[PlyCount "58"]
[EventDate "2012.08.15"]
[EventType "tourn (corr)"]
[EventRounds "16"]
[EventCountry "GER"]
[SourceTitle "Corr 2022"]
[Source "ChessBase"]
[SourceDate "2021.10.24"]
[SourceVersion "1"]
[SourceVersionDate "2021.10.24"]
[SourceQuality "1"]

1. d4 Nf6 2. c4 g6 3. Nc3 Bg7 4. e4 d6 5. Nf3 0-0 6. Be2 e5 7. Be3 Ng4 8. Bg5 f6 9. Bh4 g5 10. Bg3 Nh6 11. dxe5 dxe5 12. Qc2 c6 13. Nd2 c5 14. 0-0-0 Nc6 15. Nb3 Nd4 16. Qd3 f5 17. h4 g4 18. f3 Be6 19. fxg4 f4 20. g5 Nf7 21. Bf2 Nd6 22. Nd2 a6 23. Nd5 b5 24. Bxd4 cxd4 25. c5 Rc8 26. Qc2 Kh8 27. Kb1 Nc4 28. Nxc4 Rxc5 29. Rhe1 Bxd5 1/2-1/2

[Event "CP-2012-F-00001"]
[Site "LSS email"]
[Date "2012.08.09"]
[Round "?"]
[White "Petrovic, Djordje"]
[Black "Szabo, Vilmos"]
[Result "1-0"]
[WhiteElo "2462"]
[BlackElo "2509"]
[PlyCount "73"]
[EventDate "2012.08.15"]
[EventType "tourn (corr)"]
[EventRounds "16"]
[EventCountry "GER"]
[SourceTitle "Corr 2022"]
[Source "ChessBase"]
[SourceDate "2021.10.24"]
[SourceVersion "1"]
[SourceVersionDate "2021.10.24"]
[SourceQuality "1"]

1. c4 e5 2. g3 Nf6 3. Bg2 Bc5 4. Nc3 0-0 5. e3 Nc6 6. a3 a5 7. Nge2 Re8 8. 0-0 d6 9. h3 Bb6 10. Kh2 Ne7 11. d4 Ng6 12. b3 c6 13. e4 exd4 14. Nxd4 h5 15. Ra2 h4 16. g4 a4 17. b4 Ne5 18. g5 Nfd7 19. f4 Nxc4 20. Qd3 Bxd4 21. Qxd4 b5 22. Qf2 Bb7 23. Qxh4 c5 24. e5 cxb4 25. axb4 d5 26. Nxd5 Bxd5 27. Bxd5 Ndxe5 28. Bxa8 Ng6 29. Qg3 Qxa8 30. f5 Nge5 31. Re2 Re7 32. Qg2 Qxg2+ 33. Kxg2 Rd7 34. Bb2 f6 35. Bxe5 fxe5 36. h4 Rd3 37. h5 1-0

[Event "CFriend AC-2003-S-00008 email"]
[Site "Chessfriend.com"]
[Date "2004.12.01"]
[Round "1"]
[White "Diaz, Sergio"]
[Black "Petrovic, Djordje"]
[Result "1-0"]
[WhiteElo "2395"]
[BlackElo "2347"]
[PlyCount "45"]
[EventDate "2004.??.??"]
[EventType "tourn (corr)"]
[EventRounds "6"]
[SourceTitle "Corr 2024"]
[Source "ChessBase"]
[SourceDate "2023.10.19"]
[SourceVersion "1"]
[SourceVersionDate "2023.10.19"]
[SourceQuality "1"]

1. e4 c5 2. Nf3 Nc6 3. Nc3 e6 4. d4 cxd4 5. Nxd4 Nf6 6. Nxc6 bxc6 7. e5 Nd5 8. Ne4 Bb7 9. Be2 c5 10. 0-0 Qc7 11. Nd6+ Bxd6 12. exd6 Qc6 13. f3 c4 14. Qd4 0-0 15. Bxc4 Rfc8 16. Bxd5 Qxd5 17. Qxd5 Bxd5 18. Rf2 Rc6 19. b3 Rxd6 20. Rd2 Rb6 21. c4 Bc6 22. Rd6 f6 23. Be3 1-0

[Event "CFriend AC-2003-S-00008 email"]
[Site "Chessfriend.com"]
[Date "2004.12.01"]
[Round "1"]
[White "Jordan, Juergen"]
[Black "Petrovic, Djordje"]
[Result "1-0"]
[WhiteElo "2236"]
[BlackElo "2347"]
[PlyCount "55"]
[EventDate "2004.??.??"]
[EventType "tourn (corr)"]
[EventRounds "6"]
[SourceTitle "Corr 2024"]
[Source "ChessBase"]
[SourceDate "2023.10.19"]
[SourceVersion "1"]
[SourceVersionDate "2023.10.19"]
[SourceQuality "1"]

1. e4 c5 2. Nf3 Nc6 3. d4 cxd4 4. Nxd4 Nf6 5. Nc3 e5 6. Ndb5 d6 7. Bg5 a6 8. Na3 b5 9. Nd5 Be7 10. Bxf6 Bxf6 11. c3 0-0 12. Nc2 Bg5 13. a4 bxa4 14. Rxa4 a5 15. Bb5 Bb7 16. 0-0 Ne7 17. Nce3 Bxe3 18. Nxe3 Qb6 19. Qd3 Rfd8 20. c4 Ng6 21. g3 Nf8 22. Nd5 Qc5 23. Rfa1 Ne6 24. Rxa5 Rxa5 25. Rxa5 Rb8 26. b4 Qd4 27. Qxd4 Nxd4 28. Nc3 1-0

[Event "Djakovo op"]
[Site "Djakovo"]
[Date "1994.??.??"]
[Round "4"]
[White "Petrovic, Djordje"]
[Black "Dusper, Hrvoje"]
[Result "1-0"]
[WhiteElo "2305"]
[BlackElo "2230"]
[PlyCount "141"]
[EventDate "1994.11.??"]
[EventType "swiss"]
[EventRounds "9"]
[EventCountry "CRO"]
[SourceTitle "EXT 1997"]
[Source "ChessBase"]
[SourceDate "1996.11.15"]
[SourceVersion "1"]
[SourceVersionDate "1996.11.15"]
[SourceQuality "1"]

1. d4 Nf6 2. c4 g6 3. Nf3 Bg7 4. Nc3 0-0 5. e4 d6 6. h3 e5 7. d5 a5 8. a3 Nbd7 9. Bg5 h6 10. Be3 Nh5 11. g4 Nf4 12. Qd2 Nc5 13. Bxc5 dxc5 14. 0-0-0 Bd7 15. Bd3 Nxd3+ 16. Qxd3 f5 17. gxf5 gxf5 18. Nd2 Ra6 19. Rdg1 f4 20. Qf3 Rd6 21. Rh2 Kh7 22. Rhg2 Bh8 23. Nb3 b6 24. Nd2 Qh4 25. Nb5 Qxh3 26. Qxh3 Bxh3 27. Rh2 Bd7 28. Nxd6 cxd6 29. Nf3 Bf6 30. Kc2 Ba4+ 31. Kc3 Be8 32. Rgh1 h5 33. Rg1 Rg8 34. Rxg8 Kxg8 35. b4 axb4+ 36. axb4 Kh7 37. b5 Kh6 38. Rh1 Bd7 39. Kd2 Bg4 40. Nh2 Bd7 41. Ke2 h4 42. Kf3 Kh5 43. Ra1 h3 44. Ra7 Be8 45. Rh7+ Kg5 46. Rxh3 Bg6 47. Nf1 Bh5+ 48. Kg2 Be2 49. Nd2 f3+ 50. Nxf3+ Kg6 51. Nd2 Bg5 52. Rc3 Bxd2 53. Rc2 Kf6 54. Rxd2 Bxc4 55. Rb2 Bd3 56. Kf3 Bf1 57. Ke3 Bc4 58. Rb1 Ke7 59. f4 exf4+ 60. Kxf4 Kf6 61. Ke3 Ke7 62. Re1 Bxb5 63. Rb1 Bc4 64. Rxb6 Kd7 65. e5 dxe5 66. Ke4 Be2 67. Kxe5 c4 68. Rb7+ Kc8 69. Rg7 Bd3 70. Kd6 Kb8 71. Rc7 1-0